Rebelión en la granja / (Registro nro. 4537)

Detalles MARC
000 -LEADER
fixed length control field 00763nam a2200253Ia 4500
003 - CONTROL NUMBER IDENTIFIER
control field OSt
005 - DATE AND TIME OF LATEST TRANSACTION
control field 20250421143246.0
008 - FIXED-LENGTH DATA ELEMENTS--GENERAL INFORMATION
fixed length control field 191128s2013 ck er 000 f spa d
020 ## - INTERNATIONAL STANDARD BOOK NUMBER
International Standard Book Number 9589762891
040 ## - CATALOGING SOURCE
Original cataloging agency CO-JMCR
Transcribing agency CO-JMCR
041 ## - LANGUAGE CODE
Language code of text/sound track or separate title spa
082 04 - DEWEY DECIMAL CLASSIFICATION NUMBER
Classification number A-N
Item number ORWr
100 1# - MAIN ENTRY--PERSONAL NAME
Personal name Orwell, George,
Relator term autor
9 (RLIN) 7748
245 10 - TITLE STATEMENT
Title Rebelión en la granja /
Statement of responsibility, etc. George Orwell ; traductor, M. J. Granados Eslava
250 ## - EDITION STATEMENT
Edition statement Primera edición
260 ## - PUBLICATION, DISTRIBUTION, ETC.
Place of publication, distribution, etc. Bogotá :
Name of publisher, distributor, etc. Editorial Skala,
Date of publication, distribution, etc. 2013
300 ## - PHYSICAL DESCRIPTION
Extent 142 páginas ;
Dimensions 17 cm.
490 0# - SERIES STATEMENT
Series statement Colección clásicos
500 ## - GENERAL NOTE
General note Incluye datos biográficos del autor
546 ## - LANGUAGE NOTE
Language note Traducido del inglés
650 04 - SUBJECT ADDED ENTRY--TOPICAL TERM
Topical term or geographic name entry element Novela inglesa
9 (RLIN) 193
700 ## - ADDED ENTRY--PERSONAL NAME
Personal name Granados Eslava, M. J.
Relator term traductor
9 (RLIN) 7749
942 ## - ADDED ENTRY ELEMENTS (KOHA)
Source of classification or shelving scheme Dewey Decimal Classification
Koha item type Books
Existencias
Withdrawn status Lost status Source of classification or shelving scheme Damaged status Not for loan Collection code Home library Current library Date acquired Source of acquisition Total Checkouts Total Renewals Full call number Barcode Date last seen Date last checked out Copy number Koha item type
    Dewey Decimal Classification     Fiction Biblioteca Pública José María del Castillo y Rada Biblioteca Pública José María del Castillo y Rada 11/28/2019 Donación 5 2 A-N ORWr 201809411 06/27/2025 06/26/2025 Ej.1 Books